Form and Performance

Saved in:
Bibliografiske detaljer
Hovedforfatter: Stein, Erwin (Author)
Format: Bog
Sprog:engelsk
Udgivet: Londres Faber and Faber 1962
Fag:
Tags: Tilføj Tag
Ingen Tags, Vær først til at tagge denne postø!

MARC

LEADER 00000nam a2200000 a 4500
001 UCZ7921
003 CL-VaPUC
008 960112e19620000UK |||||||||||||||||eng|d
082 0 4 |a 781.2  |b STE  |2 21 
100 0 |a Stein, Erwin  |e author  |9 352943 
245 1 0 |a Form and Performance 
300 |a 183 p 
942 |c BK 
945 |d 19960112 00:00:00  |a mcarcey 
260 |a Londres  |b Faber and Faber  |c 1962 
650 0 |a Música  |9 306269 
650 0 |a Elementos musicales  |9 306544 
650 0 |a Ritmo  |9 306417 
583 |a last modification  |c 19960112 00:00:00  |k Rodrigo Vera 
999 |c 243897  |d 243895 
952 |0 0  |1 0  |4 0  |6 781_200000000000000_STE_1962  |7 0  |8 A  |9 257761  |a BIBEDU  |b BIBEDU  |d 2019-11-19  |i 3146405  |o 781.2 STE 1962  |p 3146405  |r 2023-01-12  |w 2019-11-19  |y BK  |k MUS 
952 |0 0  |1 0  |4 0  |6 781_200000000000000_STE_1962  |7 0  |8 A  |9 257762  |a BIBEDU  |b BIBEDU  |d 2019-11-19  |i 1233645  |o 781.2 STE 1962  |p 1233645  |r 2022-01-17  |w 2019-11-19  |y BK  |k MUS